[Event "Titled Tue 20th May Early"]
[Site "chess.com INT"]
[Date "2025.05.20"]
[Round "4"]
[White "Torres Rebolledo, Alvaro"]
[Black "Bratovic, Blaz"]
[Result "0-1"]
[WhiteTitle "FM"]
[BlackTitle "IM"]
[WhiteElo "2336"]
[BlackElo "2319"]
[WhiteFideId "54587670"]
[BlackFideId "14603551"]
[EventDate "2025.05.20"]

1. Nf3 e6 2. g3 f5 3. Bg2 Nf6 4. b3 d5 5. Bb2 Be7 6. c4 O-O 7. O-O c6 8. d4 b6
9. Nbd2 Bb7 10. e3 a5 11. a3 Na6 12. Rc1 Rc8 13. Ne5 Nd7 14. Nd3 Bd6 15. Nf3 Qe7
16. Nf4 g5 17. Nd3 c5 18. dxc5 Naxc5 19. cxd5 Bxd5 20. Nxc5 bxc5 21. Nd2 Bxg2
22. Kxg2 Ne5 23. Bxe5 Bxe5 24. Nc4 Bg7 25. Qd6 Qxd6 26. Nxd6 Rb8 27. Rxc5 Rxb3
28. Rxa5 Rb2 29. Nc4 Ra2 30. Ra6 Rc8 31. Nb6 Rcc2 32. Nd7 Kf7 33. a4 h5 34. h4
g4 35. Ra7 Kg6 36. Nb6 Be5 37. Ra6 Kf6 38. Nc8 Rxc8 39. Rb1 Rcc2 40. Rbb6 Rxf2+
41. Kg1 Rg2+ 42. Kf1 Raf2+ 43. Ke1 Bc3+ 44. Kd1 Rg1# 0-1

[Event "Titled Tue 20th May Early"]
[Site "chess.com INT"]
[Date "2025.05.20"]
[Round "4"]
[White "Terry, Renato"]
[Black "Shukhman, Anna"]
[Result "1-0"]
[WhiteTitle "IM"]
[BlackTitle "WGM"]
[WhiteElo "2508"]
[BlackElo "2413"]
[WhiteFideId "3803457"]
[BlackFideId "54180058"]
[EventDate "2025.05.20"]

1. e4 c5 2. Nf3 d6 3. Bb5+ Bd7 4. Bxd7+ Nxd7 5. O-O Ngf6 6. Qe2 g6 7. c3 Bg7 8.
d4 e5 9. dxe5 Nxe5 10. Nxe5 dxe5 11. Rd1 Qc7 12. Qb5+ Ke7 13. Bg5 Rhd8 14. Nd2
h6 15. Bxf6+ Bxf6 16. Nc4 a6 17. Qb6 Qc6 18. Qxc6 bxc6 19. Na5 Rac8 20. Kf1 Ke6
21. Ke2 Rxd1 22. Rxd1 Bd8 23. Nc4 Bc7 24. f3 f5 25. a4 h5 26. Ra1 Rb8 27. Kd3 h4
28. h3 Rd8+ 29. Ke2 Rb8 30. Rg1 a5 31. Rd1 Rf8 32. Rf1 Rb8 33. Kd3 Rd8+ 34. Kc2
Rf8 35. Re1 Rg8 36. Re2 f4 37. Rd2 Rb8 38. Rd1 Rb7 39. Ra1 Rb8 40. Ra3 g5 41.
Rb3 Rxb3 42. Kxb3 Kd7 43. Nd2 Ke6 44. Kc4 Bb6 45. Kd3 Kd7 46. Kc4 Kd6 47. Nb3 1-0

[Event "Titled Tue 20th May Early"]
[Site "chess.com INT"]
[Date "2025.05.20"]
[Round "4"]
[White "Cunha, Lucas Aguiar"]
[Black "Peil, Christoph"]
[Result "1-0"]
[WhiteTitle "FM"]
[BlackTitle "FM"]
[WhiteElo "2254"]
[BlackElo "2270"]
[WhiteFideId "2125404"]
[BlackFideId "24651800"]
[EventDate "2025.05.20"]

1. e4 c5 2. Nf3 Nc6 3. d4 cxd4 4. Nxd4 Nf6 5. Nc3 e6 6. Nxc6 bxc6 7. e5 Nd5 8.
Ne4 Qc7 9. f4 Rb8 10. c4 Bb4+ 11. Kf2 O-O 12. cxd5 cxd5 13. Nd6 f6 14. Nxc8 fxe5
15. Ba6 Bc5+ 16. Kf3 e4+ 17. Kg4 Qa5 18. Qe2 d4 19. Bd2 h5+ 20. Kh4 Qd8+ 21. Kh3
e3 22. Qxh5 Rf5 23. Qg6 exd2 24. Bd3 Rxf4 25. Qh7+ Kf7 26. Raf1 e5 27. Rxf4+
exf4 28. Qh5+ Kg8 29. Qxc5 Rxc8 30. Bc4+ d5 31. Qxd5+ Qxd5 32. Bxd5+ 1-0

[Event "Titled Tue 20th May Early"]
[Site "chess.com INT"]
[Date "2025.05.20"]
[Round "4"]
[White "Schnaider, Ilan"]
[Black "Klukin, Kirill"]
[Result "0-1"]
[WhiteTitle "IM"]
[BlackTitle "IM"]
[WhiteElo "2388"]
[BlackElo "2407"]
[WhiteFideId "169013"]
[BlackFideId "24199273"]
[EventDate "2025.05.20"]

1. e4 e6 2. d4 d5 3. Nc3 Nf6 4. Bg5 dxe4 5. Nxe4 Be7 6. Nxf6+ Bxf6 7. Bxf6 Qxf6
8. Qd3 O-O 9. O-O-O Rd8 10. Nf3 Nc6 11. Qc4 Bd7 12. Bd3 Rac8 13. Qc5 b6 14. Qh5
g6 15. Qh6 Nb4 16. a3 Nd5 17. Kb1 c5 18. dxc5 bxc5 19. Bc4 Rb8 20. Qc1 Nc3+ 21.
Ka1 Nxd1 22. Rxd1 Bc6 23. Be2 Rxd1 24. Bxd1 Rd8 25. Be2 Bxf3 26. Bxf3 Qd4 27.
Qg5 Kg7 28. c3 Qd6 29. h4 h6 30. Qe3 a5 31. g4 Qe7 32. g5 hxg5 33. hxg5 Qd6 34.
Qe4 Kg8 35. Qa4 Rb8 36. Qc2 Qf4 37. Bc6 Qxg5 38. Ka2 Qf4 39. Qe2 Rd8 40. Qc4
Qxc4+ 0-1

[Event "Titled Tue 20th May Early"]
[Site "chess.com INT"]
[Date "2025.05.20"]
[Round "4"]
[White "Sava, Robert-Gabriel"]
[Black "Alcazar Jimenez, Jesus Alberto"]
[Result "1-0"]
[WhiteTitle "CM"]
[BlackTitle "FM"]
[WhiteElo "2155"]
[BlackElo "2141"]
[WhiteFideId "1265725"]
[BlackFideId "2209756"]
[EventDate "2025.05.20"]

1. e4 c5 2. Be2 e5 3. Nf3 Nc6 4. O-O Nf6 5. d3 d5 6. exd5 Nxd5 7. Nc3 h6 8. Ne4
Be6 9. Be3 b6 10. c4 Nxe3 11. fxe3 Qd7 12. Nc3 Be7 13. e4 O-O 14. Nd5 Bg4 15.
Nxe5 Nxe5 16. Bxg4 Nxg4 17. Nxe7+ Qxe7 18. Qxg4 Rad8 19. Qg3 Rd4 20. Rf3 Rfd8
21. Raf1 Rf8 22. b3 Kh8 23. Qf2 f6 24. Qg3 Rfd8 25. Qg6 Rxd3 26. Rxd3 Rxd3 27.
e5 Rd2 28. exf6 gxf6 29. Qxh6+ Kg8 30. Qxd2 1-0

[Event "Titled Tue 20th May Early"]
[Site "chess.com INT"]
[Date "2025.05.20"]
[Round "4"]
[White "Piddubna, Bozhena"]
[Black "Do Carmo, Gabriel Carckeno"]
[Result "1-0"]
[WhiteTitle "WFM"]
[WhiteElo "2174"]
[BlackElo "2021"]
[WhiteFideId "34109293"]
[BlackFideId "22783024"]
[EventDate "2025.05.20"]

1. d4 d5 2. c4 e6 3. Nf3 a6 4. a4 Nf6 5. g3 Be7 6. Bg2 O-O 7. O-O dxc4 8. Qc2
Bd7 9. a5 c5 10. dxc5 Qc7 11. Qxc4 Bxc5 12. Be3 Rc8 13. Bxc5 Qxc5 14. Qh4 Bb5
15. Nc3 Nc6 16. Ng5 Nd4 17. Nce4 Nxe2+ 18. Kh1 Qf5 19. Nd6 Qg4 20. Qxg4 Nxg4 21.
Nxb5 axb5 22. Bxb7 Nd4 23. a6 h6 24. Ne4 Rab8 25. Bxc8 Rxc8 26. a7 Ra8 27. Nd6
Ne5 28. Rfc1 Nec6 29. Ra6 1-0

[Event "Titled Tue 20th May Early"]
[Site "chess.com INT"]
[Date "2025.05.20"]
[Round "4"]
[White "Bold, Andre"]
[Black "Ugarte Soto, Cesar"]
[Result "1-0"]
[WhiteTitle "CM"]
[BlackTitle "CM"]
[WhiteElo "2235"]
[BlackElo "2088"]
[WhiteFideId "16208471"]
[BlackFideId "3601331"]
[EventDate "2025.05.20"]

1. d4 d5 2. Bf4 e6 3. e3 Bd6 4. Ne2 Nf6 5. Nbc3 O-O 6. Qd2 Nbd7 7. h3 Qe7 8.
Bxd6 cxd6 9. Nf4 a6 10. a4 b6 11. Bd3 Bb7 12. Nfe2 e5 13. Bf5 Rfe8 14. Bxd7 Qxd7
15. O-O Rac8 16. Rfd1 h6 17. Ng3 g6 18. Nce2 Kg7 19. c3 h5 20. dxe5 dxe5 21. Nf1
h4 22. b3 Qf5 23. Qd3 Qe6 24. Nh2 Rc5 25. Rac1 Rec8 26. f3 Qc6 27. Ng4 Nxg4 28.
hxg4 b5 29. axb5 Qxb5 30. Qxb5 axb5 31. Kf2 f5 32. gxf5 gxf5 33. Rh1 Rh8 34. Ra1
Kg6 35. Ra7 Bc8 36. f4 Kf6 37. Ra5 exf4 38. Nxf4 Bd7 39. b4 Rc7 40. Ra6+ Ke5 41.
Ng6+ Ke4 42. Nxh8 Rxc3 43. Re1 f4 44. exf4+ Kxf4 45. Rf6+ Bf5 46. Nf7 Rc2+ 47.
Re2 Rc4 48. Nd6 1-0

[Event "Titled Tue 20th May Early"]
[Site "chess.com INT"]
[Date "2025.05.20"]
[Round "4"]
[White "Nimmy, A.G."]
[Black "Jaskolka, Tomasz"]
[Result "0-1"]
[WhiteTitle "WIM"]
[BlackTitle "CM"]
[WhiteElo "1990"]
[BlackElo "2200"]
[WhiteFideId "5015308"]
[BlackFideId "1170791"]
[EventDate "2025.05.20"]

1. e4 d6 2. d4 Nf6 3. Nc3 Nbd7 4. Nf3 e5 5. Bc4 Be7 6. O-O c6 7. a4 Qc7 8. Re1
h6 9. h3 g5 10. Nh2 Nf8 11. Be3 Ng6 12. b4 Nf4 13. Bf1 O-O 14. b5 Kh7 15. Qf3
Rg8 16. Bc4 g4 17. hxg4 Nxg4 18. Bxf7 Rg7 19. Bb3 Nxh2 20. Kxh2 Rxg2+ 21. Qxg2
Nxg2 22. Kxg2 Qd7 23. Rh1 Qg4+ 24. Kf1 Bg5 25. Bxg5 Qxg5 26. dxe5 Qxe5 27. Ra3
Bg4 28. Rg1 h5 29. Rg3 Rf8 30. Rd3 Qc5 31. Nd1 Bxd1 32. Ke1 Bg4 33. Ra1 Qxf2# 0-1

[Event "Titled Tue 20th May Early"]
[Site "chess.com INT"]
[Date "2025.05.20"]
[Round "4"]
[White "Daspres, Loic"]
[Black "Danzer, George"]
[Result "1-0"]
[WhiteTitle "CM"]
[BlackTitle "CM"]
[WhiteElo "2207"]
[BlackElo "2172"]
[WhiteFideId "20612281"]
[BlackFideId "4659465"]
[EventDate "2025.05.20"]

1. e4 c5 2. Nf3 d6 3. Bb5+ Nd7 4. O-O a6 5. Bxd7+ Bxd7 6. Re1 Nf6 7. e5 dxe5 8.
Nxe5 e6 9. Qf3 Qc7 10. d4 cxd4 11. Bf4 Bd6 12. Nxd7 Qxd7 13. Bxd6 Qxd6 14. Qxb7
O-O 15. Qf3 Rab8 16. b3 Rfc8 17. c4 dxc3 18. Nxc3 Qd2 19. Ne4 Nxe4 20. Qxe4 Rc2
21. Qf3 Rxa2 22. Rad1 Qa5 23. h4 h6 24. Re4 Qb5 25. Rf4 f5 26. b4 Rb2 27. Qe3
Qb6 28. Qe5 Rxb4 29. Rd7 1-0

[Event "Titled Tue 20th May Early"]
[Site "chess.com INT"]
[Date "2025.05.20"]
[Round "4"]
[White "Starosta, Martyna"]
[Black "Aradhya, Garg"]
[Result "0-1"]
[WhiteTitle "WFM"]
[BlackTitle "IM"]
[WhiteElo "2182"]
[BlackElo "2383"]
[WhiteFideId "21818754"]
[BlackFideId "25006746"]
[EventDate "2025.05.20"]

1. d4 d5 2. c4 c6 3. Nc3 Nf6 4. Nf3 dxc4 5. e3 b5 6. a4 b4 7. Nb1 Ba6 8. Nbd2 c5
9. Nxc4 e6 10. Be2 Be7 11. O-O O-O 12. Nce5 Qb6 13. a5 Qb7 14. dxc5 Bxc5 15. Nd4
Bxe2 16. Qxe2 Bxd4 17. exd4 Nc6 18. Be3 Rac8 19. Rfd1 Rfd8 20. a6 Qb8 21. Rac1
Nxe5 22. dxe5 Qxe5 23. Qc4 Qb8 24. Rxd8+ Rxd8 25. h3 Nd5 26. Bd4 h6 27. Kh1 Ne7
28. Bc5 Rc8 29. Rd1 Qc7 30. Rc1 Nd5 31. b3 Qf4 32. Qxf4 Nxf4 33. Be3 Rxc1+ 34.
Bxc1 Nd5 35. Be3 Nxe3 36. fxe3 Kf8 37. Kg1 Ke7 38. Kf2 Kd6 39. Ke2 Kc5 40. Kd3
f5 41. e4 f4 42. e5 Kd5 43. h4 h5 0-1

[Event "Titled Tue 20th May Early"]
[Site "chess.com INT"]
[Date "2025.05.20"]
[Round "4"]
[White "Rahman, Masruri"]
[Black "Harsha, Bharathakoti"]
[Result "0-1"]
[WhiteTitle "FM"]
[BlackTitle "GM"]
[WhiteElo "2407"]
[BlackElo "2532"]
[WhiteFideId "7101163"]
[BlackFideId "5078776"]
[EventDate "2025.05.20"]

1. d4 e6 2. Bf4 c5 3. e3 Nc6 4. Nf3 d5 5. c3 Nf6 6. Nbd2 cxd4 7. exd4 Nh5 8. Bg5
f6 9. Be3 g6 10. h4 e5 11. dxe5 fxe5 12. Bb5 Bg7 13. Qa4 O-O 14. Bxc6 bxc6 15.
Qxc6 Bg4 16. Bg5 Bf6 17. Nxe5 Bxg5 18. hxg5 Re8 19. f4 Nxf4 20. O-O Ne2+ 21. Kh2
Rxe5 22. Rf6 Rxg5 23. g3 Qb8 24. Nf1 Qe8 25. Qc7 Rh5+ 26. Kg2 Qe4+ 27. Kf2 Rf5+
28. Rxf5 Qxf5+ 29. Kg2 Rf8 0-1

[Event "Titled Tue 20th May Early"]
[Site "chess.com INT"]
[Date "2025.05.20"]
[Round "4"]
[White "Aakash, G"]
[Black "Gelman, Alexander"]
[Result "1-0"]
[WhiteTitle "FM"]
[BlackTitle "IM"]
[WhiteElo "2114"]
[BlackElo "2403"]
[WhiteFideId "25644394"]
[BlackFideId "4118316"]
[EventDate "2025.05.20"]

1. d4 Nf6 2. c4 c5 3. d5 b5 4. cxb5 a6 5. bxa6 e6 6. Nc3 exd5 7. Nxd5 Nxa6 8.
Nxf6+ Qxf6 9. e3 Nb4 10. Bc4 Qf5 11. Ke2 Qe4 12. b3 Qxg2 13. Nf3 Bb7 14. Ne5
O-O-O 15. Rg1 Qxh2 16. Nxf7 d5 17. Nxd8 Kxd8 18. Ba3 Be7 19. Bxb4 cxb4 20. Bxd5
Bc8 21. Be6+ Kc7 22. Rc1+ Kb8 23. Rxc8+ Rxc8 24. Bxc8 Kxc8 25. Qc2+ Kd7 26. Qf5+
Ke8 27. Rxg7 Qd6 28. Qf7+ Kd7 29. Rxh7 Qa6+ 30. Kf3 Qc6+ 31. Kg3 Qc7+ 32. f4 Qd6
33. Qxe7+ 1-0

[Event "Titled Tue 20th May Early"]
[Site "chess.com INT"]
[Date "2025.05.20"]
[Round "4"]
[White "Gnechko, Ruslan"]
[Black "Arslanov, Shamil"]
[Result "1-0"]
[BlackTitle "IM"]
[WhiteElo "2132"]
[BlackElo "2410"]
[WhiteFideId "14135868"]
[BlackFideId "4192826"]
[EventDate "2025.05.20"]

1. d4 e5 2. dxe5 d6 3. Nf3 Bg4 4. c4 Nc6 5. exd6 Bxd6 6. e3 Qe7 7. Be2 O-O-O 8.
Nbd2 Nf6 9. O-O h5 10. b4 Bxf3 11. Nxf3 Bxh2+ 12. Kxh2 Rxd1 13. Rxd1 Qxb4 14.
Bd2 Qe7 15. Be1 Ne5 16. Kg1 Nfg4 17. Rd4 f5 18. Rad1 Nxf3+ 19. Bxf3 c6 20. e4
Ne5 21. Be2 f4 22. f3 g5 23. Rd6 g4 24. Bc3 g3 25. Kf1 Qh4 26. Ke1 Re8 27. Kd2
Qh2 28. Bf1 Nxf3+ 29. Kc1 Ne5 30. c5 f3 31. Bxe5 fxg2 32. Rxc6+ 1-0

[Event "Titled Tue 20th May Early"]
[Site "chess.com INT"]
[Date "2025.05.20"]
[Round "4"]
[White "Diachek, Andrii"]
[Black "Rose, Felix"]
[Result "1-0"]
[WhiteTitle "CM"]
[BlackTitle "CM"]
[WhiteElo "2226"]
[BlackElo "2093"]
[WhiteFideId "34106499"]
[BlackFideId "5105722"]
[EventDate "2025.05.20"]

1. c4 e6 2. Nf3 d5 3. g3 Nf6 4. Bg2 dxc4 5. Qa4+ Nbd7 6. Qxc4 a6 7. Qc2 b5 8.
Ne5 Nxe5 9. Bxa8 c6 10. f4 Qd5 11. O-O Nc4 12. b3 Qd4+ 13. e3 Qxa1 14. bxc4 Nd7
15. Nc3 b4 16. Bb2 Qxf1+ 17. Kxf1 bxc3 18. Qxc3 h5 19. Bxc6 h4 20. Kg2 h3+ 21.
Kg1 Rh5 22. d4 Be7 23. c5 Kf8 24. Qb4 g5 25. Bxd7 Bxd7 26. Qb8+ Be8 27. c6 Bd6
28. Qxd6+ 1-0

[Event "Titled Tue 20th May Early"]
[Site "chess.com INT"]
[Date "2025.05.20"]
[Round "4"]
[White "Nguyen, Ngoc Truong Son"]
[Black "Tsydypov, Zhamsaran"]
[Result "1-0"]
[WhiteTitle "GM"]
[BlackTitle "GM"]
[WhiteElo "2632"]
[BlackElo "2514"]
[WhiteFideId "12401110"]
[BlackFideId "4108566"]
[EventDate "2025.05.20"]

1. e4 e5 2. Nf3 Nc6 3. Nc3 Nf6 4. d4 exd4 5. Nxd4 Bc5 6. Be3 Bb6 7. Nf5 Bxe3 8.
Nxe3 O-O 9. Bd3 d6 10. f4 Re8 11. Qf3 Nd4 12. Qf2 c5 13. O-O-O b5 14. e5 dxe5
15. fxe5 Rxe5 16. Nxb5 Rb8 17. Nxd4 cxd4 18. Nc4 Rc5 19. Be2 Be6 20. Rxd4 Qc7
21. Qf4 Qc8 22. Rhd1 Nd5 23. Qe4 Qb7 24. b3 h6 25. Bf3 Rd8 26. Ne3 Qa6 27. Nxd5
Re8 28. Kb2 Qc8 29. Ne7+ Rxe7 30. Rd8+ Re8 31. Rxc8 Rcxc8 32. Qd4 a5 33. c4 Rb8
34. Kc3 a4 35. b4 Rec8 36. Bd5 Bf5 37. Rf1 Bg6 38. h4 h5 39. g4 Re8 40. gxh5
Bxh5 41. b5 Re2 42. Bxf7+ Bxf7 43. Rxf7 Kxf7 44. Qf4+ 1-0

[Event "Titled Tue 20th May Early"]
[Site "chess.com INT"]
[Date "2025.05.20"]
[Round "4"]
[White "Karpenko, Anton"]
[Black "Waldhausen Gordon, Frederick"]
[Result "1-0"]
[WhiteTitle "CM"]
[BlackTitle "FM"]
[WhiteElo "2218"]
[BlackElo "2397"]
[WhiteFideId "34374353"]
[BlackFideId "2409143"]
[EventDate "2025.05.20"]

1. e4 e5 2. Nf3 Nc6 3. Bc4 Nf6 4. d3 Bc5 5. O-O d6 6. c3 O-O 7. h3 a6 8. Re1 Ba7
9. Bb3 h6 10. Nbd2 Be6 11. Nf1 Ne7 12. Ng3 Ng6 13. d4 exd4 14. cxd4 Bxb3 15.
Qxb3 b5 16. Be3 c5 17. dxc5 dxc5 18. Rad1 Qc7 19. e5 c4 20. Qc2 Bxe3 21. Rxe3
Nd7 22. e6 Nc5 23. Qf5 Nd3 24. b3 Ne7 25. exf7+ Rxf7 26. Qe6 Nf4 27. Qe4 Rc8 28.
Ne5 c3 29. Nxf7 Kxf7 30. Rc1 c2 31. Rf3 Nd5 32. Ne2 g5 33. Nxf4 gxf4 34. Qxd5+ 1-0

[Event "Titled Tue 20th May Early"]
[Site "chess.com INT"]
[Date "2025.05.20"]
[Round "4"]
[White "Shafer, Logan C"]
[Black "Lopusiewicz, Piotr"]
[Result "1-0"]
[WhiteTitle "CM"]
[BlackTitle "FM"]
[WhiteElo "2291"]
[BlackElo "2301"]
[WhiteFideId "30993342"]
[BlackFideId "1116029"]
[EventDate "2025.05.20"]

1. e4 e5 2. Nf3 Nc6 3. Bb5 a6 4. Ba4 Nf6 5. O-O Bc5 6. c3 O-O 7. Re1 d6 8. d4
Ba7 9. Bc2 Bg4 10. d5 Ne7 11. h3 Bd7 12. Be3 Bxe3 13. Rxe3 Ng6 14. Nbd2 Qe7 15.
Nf1 Nh5 16. c4 Nhf4 17. N1h2 f5 18. exf5 Bxf5 19. Nf1 Qd7 20. Bxf5 Rxf5 21. Ng3
Rff8 22. Rc1 b6 23. b4 a5 24. b5 h6 25. Nh2 Rf7 26. Ne4 Raf8 27. Qg4 Qe7 28. Rc2
h5 29. Qg3 Rf5 30. Nf3 h4 31. Qg4 Qf7 32. Nfg5 Qe7 33. Rf3 Qd8 34. Ne6 Nxe6 35.
Rxf5 Rxf5 36. Qxf5 Nd4 37. Qxg6 Nxc2 38. Ng5 Qf6 39. Qe8+ Qf8 40. Qe6+ Kh8 41.
Qg6 Qf6 42. Qe8+ 1-0

[Event "Titled Tue 20th May Early"]
[Site "chess.com INT"]
[Date "2025.05.20"]
[Round "4"]
[White "Porozhnyak, Maya"]
[Black "Goncharov, Vladimir"]
[Result "0-1"]
[WhiteTitle "WCM"]
[WhiteElo "1974"]
[BlackElo "2077"]
[WhiteFideId "34115843"]
[BlackFideId "34162256"]
[EventDate "2025.05.20"]

1. e4 e6 2. d4 d5 3. exd5 exd5 4. Bd3 Nc6 5. c3 Bd6 6. Qf3 Nge7 7. Ne2 Be6 8.
Bf4 Qd7 9. Bxd6 Qxd6 10. Nd2 O-O-O 11. O-O-O Qd7 12. h3 Bf5 13. Rhe1 Bxd3 14.
Qxd3 Qf5 15. Qxf5+ Nxf5 16. Nf4 h5 17. Nf3 f6 18. Re6 Kd7 19. Rde1 Nfe7 20. b4
a6 21. a4 b5 22. Nd3 Rde8 23. Nc5+ Kd8 24. Nxa6 bxa4 25. b5 Na5 26. Nxc7 Kxc7
27. Rxe7+ Rxe7 28. Rxe7+ Kb6 29. Rxg7 Re8 30. Rg6 Kxb5 31. Rxf6 Nb3+ 32. Kb2
Re2+ 33. Ka3 Nc1 34. c4+ Ka5 35. Nd2 Rxd2 36. cxd5 Ra2# 0-1

[Event "Titled Tue 20th May Early"]
[Site "chess.com INT"]
[Date "2025.05.20"]
[Round "4"]
[White "Mafra, Kaiser Luiz"]
[Black "Sharankov, Grigory"]
[Result "0-1"]
[WhiteTitle "CM"]
[BlackTitle "CM"]
[WhiteElo "2094"]
[BlackElo "2238"]
[WhiteFideId "2106698"]
[BlackFideId "4168356"]
[EventDate "2025.05.20"]

1. d4 Nf6 2. Nc3 d5 3. Bf4 e6 4. a3 a6 5. e3 c5 6. Nf3 Nc6 7. Be2 Bd6 8. dxc5
Bxc5 9. g4 d4 10. Nxd4 Nxd4 11. exd4 Qxd4 12. Be3 Qxd1+ 13. Rxd1 Bxe3 14. fxe3
Ke7 15. O-O Bd7 16. Bf3 Bc6 17. Bxc6 bxc6 18. h3 h5 19. g5 Nd5 20. Nxd5+ cxd5
21. h4 Rhc8 22. Rd2 Rc4 23. Rf4 Rac8 24. c3 f6 25. gxf6+ gxf6 26. Rxc4 Rxc4 27.
Rd4 Kd6 28. Kf2 Ke5 29. Kf3 f5 30. Rxc4 dxc4 31. Kf2 Ke4 32. Ke2 e5 33. Kd2 a5
34. Kc2 Kxe3 35. b4 cxb3+ 36. Kxb3 f4 37. c4 Kd4 0-1

[Event "Titled Tue 20th May Early"]
[Site "chess.com INT"]
[Date "2025.05.20"]
[Round "4"]
[White "Rees, Ioan"]
[Black "Den Roover, Nikolay Jorgensen"]
[Result "1-0"]
[WhiteTitle "FM"]
[BlackTitle "CM"]
[WhiteElo "2288"]
[BlackElo "1970"]
[WhiteFideId "1801236"]
[BlackFideId "1557220"]
[EventDate "2025.05.20"]

1. Nf3 d5 2. g3 Nf6 3. Bg2 g6 4. O-O Bg7 5. c4 O-O 6. cxd5 Nxd5 7. Nc3 c5 8.
Nxd5 Qxd5 9. d3 Nc6 10. a3 Qd6 11. Qa4 e5 12. Qh4 Bf6 13. Bg5 Kg7 14. Qh6+ Kg8
15. Rac1 Bg7 16. Qh4 f6 17. Bh6 Nd4 18. Nxd4 cxd4 19. Bd2 a5 20. Qe4 Be6 21.
Qxb7 Rfb8 22. Qc6 Qxc6 23. Rxc6 Bf7 24. Rc7 Ra6 25. b4 axb4 26. Bxb4 Bf8 27.
Bxf8 Kxf8 28. Ra1 Rb2 29. Bf3 Ra4 30. h4 Bg8 31. Kf1 f5 32. Ke1 Ra5 33. a4 Bb3
34. Rb7 Rxa4 35. Rc1 Ra8 36. Rxb3 1-0

[Event "Titled Tue 20th May Early"]
[Site "chess.com INT"]
[Date "2025.05.20"]
[Round "4"]
[White "Khodzhamkuliev, Bahadur"]
[Black "Valle Luis, Leo"]
[Result "0-1"]
[BlackTitle "FM"]
[WhiteElo "2093"]
[BlackElo "2301"]
[WhiteFideId "24135046"]
[BlackFideId "54577187"]
[EventDate "2025.05.20"]

1. Nf3 d5 2. d3 c6 3. g3 Nf6 4. Bg2 h6 5. O-O Bf5 6. Nc3 e6 7. Nd2 Be7 8. e4 Bh7
9. Kh1 O-O 10. f4 dxe4 11. Ndxe4 b5 12. Nxf6+ Bxf6 13. Nxb5 a6 14. Nc3 Ra7 15.
Ne4 Be7 16. c3 Rd7 17. d4 c5 18. Be3 cxd4 19. cxd4 Nc6 20. Qa4 Nxd4 21. Rfd1 Nb5
22. Rxd7 Qxd7 23. Nc5 Bxc5 24. Bxc5 Rc8 25. Rd1 Qe8 26. Bg1 Bc2 27. Qxa6 Bxd1
28. a4 Nc7 29. Qc6 Bxa4 30. Qb7 Nd5 31. b3 Bc6 32. Qa7 Ra8 33. Qc5 Rc8 34. Qd6
Qd7 35. Qe5 Nf6 36. Bd4 Bxg2+ 37. Kxg2 Qd5+ 38. Qxd5 Nxd5 39. g4 Rb8 40. Kg3
Rxb3+ 41. Kh4 Nxf4 0-1

[Event "Titled Tue 20th May Early"]
[Site "chess.com INT"]
[Date "2025.05.20"]
[Round "4"]
[White "Shevkunov, Vladyslav"]
[Black "Nguyen Quang Anh"]
[Result "1-0"]
[BlackTitle "CM"]
[WhiteElo "2073"]
[BlackElo "2052"]
[WhiteFideId "30953448"]
[BlackFideId "12432377"]
[EventDate "2025.05.20"]

1. e4 e6 2. d4 d5 3. Nd2 Nf6 4. e5 Nfd7 5. f4 c5 6. c3 Nc6 7. Ndf3 Qb6 8. a3 a5
9. b3 Be7 10. h4 cxd4 11. cxd4 f6 12. Bd3 O-O 13. Ne2 Kh8 14. Qc2 h6 15. h5 fxe5
16. fxe5 Rxf3 17. gxf3 Nxd4 18. Nxd4 Qxd4 19. Bb2 Bh4+ 20. Kf1 Qf4 21. Qg2 Qg3
22. Rxh4 Qxh4 23. Qg6 Nf8 24. Qf7 Bd7 25. Kg2 Qg5+ 26. Kh3 Qe3 27. Bc2 d4 28.
Bc1 Qe2 29. Bxh6 gxh6 30. Qf6+ Kg8 31. Rg1+ Ng6 32. Rxg6+ Kh7 33. Qg7# 1-0

[Event "Titled Tue 20th May Early"]
[Site "chess.com INT"]
[Date "2025.05.20"]
[Round "4"]
[White "Toktomushev, Teimur"]
[Black "Gutierrez Olivares, Daniel"]
[Result "1-0"]
[WhiteTitle "FM"]
[BlackTitle "FM"]
[WhiteElo "2398"]
[BlackElo "2354"]
[WhiteFideId "14176726"]
[BlackFideId "2264005"]
[EventDate "2025.05.20"]

1. d4 Nf6 2. c4 e6 3. Nf3 c5 4. d5 exd5 5. cxd5 Bd6 6. Nc3 O-O 7. Nd2 Bc7 8. e4
d6 9. Bd3 Re8 10. O-O Na6 11. h3 Ba5 12. a3 Rb8 13. Qc2 Bxc3 14. bxc3 b5 15. Rb1
c4 16. Be2 Nc5 17. Bxc4 Ncxe4 18. Nxe4 Nxe4 19. Rxb5 Bd7 20. Rxb8 Qxb8 21. Re1
f5 22. f3 Qc7 23. Bd3 Qxc3 24. Rxe4 Rc8 25. Re2 Ba4 26. Qxc3 1-0

[Event "Titled Tue 20th May Early"]
[Site "chess.com INT"]
[Date "2025.05.20"]
[Round "4"]
[White "Przybylski, Bartosz"]
[Black "Szpar, Milosz"]
[Result "0-1"]
[WhiteTitle "CM"]
[BlackTitle "IM"]
[WhiteElo "2107"]
[BlackElo "2475"]
[WhiteFideId "21878323"]
[BlackFideId "1184989"]
[EventDate "2025.05.20"]

1. e4 e6 2. d4 d5 3. e5 c5 4. c3 Nc6 5. Nf3 Bd7 6. Bd3 cxd4 7. O-O dxc3 8. Nxc3
a6 9. Re1 Bc5 10. Qe2 Nge7 11. a3 Rc8 12. Bd2 Ng6 13. Rac1 Ba7 14. b3 O-O 15. b4
f6 16. Bxg6 hxg6 17. exf6 Qxf6 18. Bg5 Qf5 19. Qd2 Rf7 20. b5 Na5 21. Re5 Qg4
22. h3 Qh5 23. Ne2 Nc4 24. Rxc4 Rxc4 25. Ng3 Qh8 26. bxa6 bxa6 27. Qa5 Rxf3 28.
gxf3 Qxh3 29. Nf1 Qxf3 30. Qd8+ Kh7 31. Ne3 Rc1+ 0-1

[Event "Titled Tue 20th May Early"]
[Site "chess.com INT"]
[Date "2025.05.20"]
[Round "4"]
[White "Fisabilillah, Ummi"]
[Black "Barria Zuniga, Daniel"]
[Result "0-1"]
[WhiteTitle "WIM"]
[BlackTitle "IM"]
[WhiteElo "2115"]
[BlackElo "2341"]
[WhiteFideId "7104804"]
[BlackFideId "3400816"]
[EventDate "2025.05.20"]

1. Nf3 c5 2. b3 d5 3. Bb2 Nf6 4. e3 g6 5. h3 Bg7 6. Bb5+ Bd7 7. a4 O-O 8. O-O
Nc6 9. d3 b6 10. Nbd2 a6 11. Bxc6 Bxc6 12. Ne5 Bb7 13. f4 d4 14. e4 Nh5 15. Qg4
Qc7 16. Bc1 Nxf4 17. Ndc4 Nh5 18. Qd7 Bxe5 19. Nxe5 Qxe5 20. Qxb7 Qd6 21. Bg5 f6
22. Bh4 Rfb8 23. Qd5+ Qxd5 24. exd5 Rd8 25. Rae1 Kf7 26. g4 Ng7 27. g5 Nf5 28.
gxf6 exf6 29. Bf2 Rxd5 30. Re4 Re8 31. Rfe1 Rde5 32. Kg2 Nd6 33. Rxe5 Rxe5 34.
Rf1 Re2 35. Kf3 Rxc2 36. Bg3 Nf5 0-1